MARC details
| 000 -CABECERA |
| campo de control de longitud fija |
00948cam a2200253 a 4500 |
| 001 - NÚMERO DE CONTROL |
| campo de control |
000024957 |
| 005 - FECHA Y HORA DE LA ÚLTIMA TRANSACCIÓN |
| campo de control |
20260401115247.0 |
| 008 - DATOS DE LONGITUD FIJA--INFORMACIÓN GENERAL |
| campo de control de longitud fija |
901219s1984 dr 000 | spa d |
| 040 ## - FUENTE DE LA CATALOGACIÓN |
| Centro catalogador/agencia de origen |
DO-SdBNP |
| Lengua de catalogación |
spa |
| Centro/agencia transcriptor |
BNPHU |
| 082 ## - NÚMERO DE LA CLASIFICACIÓN DECIMAL DEWEY |
| Número de clasificación |
321.109 |
| Número de documento/Ítem |
E57ó |
| 049 ## - FONDOS LOCALES (OCLC) |
| Fondos de biblioteca |
BNGR |
| 100 1# - ENTRADA PRINCIPAL--NOMBRE DE PERSONA |
| Nombre de persona |
Engels, Friedrich, |
| Fechas asociadas al nombre |
1820-1895 |
| 9 (RLIN) |
60306 |
| 245 13 - MENCIÓN DE TÍTULO |
| Título |
El origen de la familia, la propiedad privada y el Estado / : |
| Resto del título |
El papel del trabajo en la transformación del mono en hombre / |
| Mención de responsabilidad, etc. |
Friedrich Engels; prólogo Roger Bartra. |
| 260 ## - PUBLICACIÓN, DISTRIBUCIÓN, ETC. |
| Lugar de publicación, distribución, etc. |
[s. l.] : |
| Nombre del editor, distribuidor, etc. |
[s. n.] , |
| Fecha de publicación, distribución, etc. |
1984. |
| Lugar de fabricación/manufactura |
Santo Domingo, (República Dominicana), |
| Fabricante |
Editora Alfa y Omega |
| 300 ## - DESCRIPCIÓN FÍSICA |
| Extensión |
viii, 223 p. ; |
| Dimensiones |
19 cm. |
| 490 1# - MENCIÓN DE SERIE |
| Mención de serie |
Marx-Engels |
| 504 ## - NOTA DE BIBLIOGRAFÍA, ETC. |
| Nota de bibliografía, etc. |
Incluye notas y referencias bibliográficas |
| 650 #0 - PUNTO DE ACCESO ADICIONAL DE MATERIA--TÉRMINO DE MATERIA |
| Término de materia o nombre geográfico como elemento de entrada |
Familias |
| 9 (RLIN) |
795 |
| 650 #0 - PUNTO DE ACCESO ADICIONAL DE MATERIA--TÉRMINO DE MATERIA |
| Término de materia o nombre geográfico como elemento de entrada |
Derecho de familia |
| 9 (RLIN) |
3572 |
| 650 #4 - PUNTO DE ACCESO ADICIONAL DE MATERIA--TÉRMINO DE MATERIA |
| Término de materia o nombre geográfico como elemento de entrada |
Relaciones de familia |
| 9 (RLIN) |
2207 |
| 650 #0 - PUNTO DE ACCESO ADICIONAL DE MATERIA--TÉRMINO DE MATERIA |
| Término de materia o nombre geográfico como elemento de entrada |
Matrimonio |
| 9 (RLIN) |
797 |
| 700 1# - PUNTO DE ACCESO ADICIONAL--NOMBRE DE PERSONA |
| Nombre de persona |
Bartra, Roger |
| Término indicativo de función/relación |
pról. |
| 9 (RLIN) |
51220 |
| 830 #0 - PUNTO DE ACCESO ADICIONAL DE SERIE-TÍTULO UNIFORME |
| Título uniforme |
Marx-Engels |
| 9 (RLIN) |
51221 |